| 000 | 00617nam a2200193 i 4500 | ||
|---|---|---|---|
| 001 | 57288 | ||
| 003 | ES-MaACL | ||
| 005 | 20250830234019.0 | ||
| 007 | t| | ||
| 008 | 031015s1914 ag ||||1| spa d | ||
| 100 | 1 |
_aDomenech, Roberto. _945085 |
|
| 245 | 1 | 0 |
_aMéjico y el imperialismo norte americano / _cRoberto Domenech. |
| 260 |
_aBuenos Aires : _b[s.n.], _c1914 ( _fEst. Tip. La Leonera) |
||
| 300 |
_a120 p. ; _c19 cm. |
||
| 651 | 4 |
_aMéxico- _xRelaciones- _zEstados Unidos. _99074 |
|
| 651 | 4 |
_aEstados Unidos- _xRelaciones- _zMéxico _98565 |
|
| 852 |
_aES-MaACL _j1535-F-3 |
||
| 999 |
_c57288 _d57288 |
||